<?xml version="1.0" encoding="UTF-8"?>
<resp>
  <nextPage>https://data.bn.org.pl/api/networks/bibs.marcxml?marc=001+b00001150000053&amp;sinceId=1150000054</nextPage>
  <collection>
    <record xmlns='http://www.loc.gov/MARC21/slim'><leader>01210namZa2200361ZiZ4500</leader><controlfield tag='001'>b00001150000053</controlfield><controlfield tag='005'>20260402111705.8</controlfield><controlfield tag='008'>230609s        pl           |000 0 pol c</controlfield><controlfield tag='009'>9913262123605606</controlfield><datafield ind1=' ' ind2=' ' tag='020'><subfield code='a'>8387777382</subfield></datafield><datafield ind1=' ' ind2=' ' tag='035'><subfield code='a'>KR_1KR_1_20120317225716003351-48omnis_kr</subfield></datafield><datafield ind1=' ' ind2=' ' tag='035'><subfield code='a'>KR_1_20120317225716003351</subfield><subfield code='9'>ExL</subfield></datafield><datafield ind1=' ' ind2=' ' tag='035'><subfield code='a'>(PL)b00001150000053</subfield></datafield><datafield ind1=' ' ind2=' ' tag='040'><subfield code='a'>KR_1</subfield><subfield code='c'>KR_1</subfield></datafield><datafield ind1='1' ind2=' ' tag='041'><subfield code='a'>pol</subfield><subfield code='h'>eng</subfield></datafield><datafield ind1='1' ind2=' ' tag='100'><subfield code='a'>Inlander, Charles B.</subfield></datafield><datafield ind1='1' ind2='0' tag='245'><subfield code='a'>77 sposobów walki z przeziębieniami i grypą /</subfield><subfield code='c'>Charles B. Inlander, Cynthia K. Moran ; [przekł. Mikołaj Jasiak].</subfield></datafield><datafield ind1=' ' ind2=' ' tag='260'><subfield code='a'>W-wa :</subfield><subfield code='b'>&quot;Interspar&quot;,</subfield><subfield code='c'>2002.</subfield></datafield><datafield ind1=' ' ind2=' ' tag='300'><subfield code='a'>94 s. :</subfield><subfield code='b'>rys. ;</subfield><subfield code='c'>21 cm.</subfield></datafield><datafield ind1='1' ind2=' ' tag='490'><subfield code='a'>Nie Tylko dla Kobiet</subfield></datafield><datafield ind1=' ' ind2=' ' tag='500'><subfield code='a'>n</subfield></datafield><datafield ind1=' ' ind2='9' tag='650'><subfield code='a'>Grypa</subfield><subfield code='x'>leczenie</subfield><subfield code='v'>wydawnictwa popularne</subfield></datafield><datafield ind1=' ' ind2='9' tag='650'><subfield code='a'>Przeziębienie</subfield><subfield code='x'>leczenie</subfield><subfield code='v'>wydawnictwa popularne</subfield></datafield><datafield ind1='1' ind2=' ' tag='700'><subfield code='a'>Moran, Cynthia K.</subfield></datafield><datafield ind1='1' ind2=' ' tag='700'><subfield code='a'>Jasiak, Mikołaj</subfield><subfield code='e'>Tłum.</subfield></datafield><datafield ind1=' ' ind2=' ' tag='852'><subfield code='b'>48OMNIS_NETWORK</subfield><subfield code='8'>9913262123605606</subfield></datafield><datafield ind1=' ' ind2=' ' tag='852'><subfield code='b'>48OMNIS_RAD</subfield><subfield code='8'>991000911129107910</subfield></datafield><datafield ind1=' ' ind2=' ' tag='852'><subfield code='8'>2218639670007910</subfield><subfield code='j'>1</subfield><subfield code='b'>RAD_6_2</subfield><subfield code='p'>RAD_6_002789</subfield><subfield code='c'>FWO</subfield></datafield><datafield ind1=' ' ind2=' ' tag='920'><subfield code='a'>83-87777-38-2</subfield></datafield></record>
  </collection>
</resp>
